| Tag |
First Indicator |
Second Indicator |
Subfields |
| LEADER |
00000cam a2200000Ii 4500 |
| 001 |
in00004400021 |
| 005 |
20210422111224.0 |
| 008 |
190728t20202020enkab b 001 0 eng d |
| 010 |
|
|
|a 2019949430
|
| 020 |
|
|
|a 9780198830771
|q (paperback)
|
| 020 |
|
|
|a 0198830777
|q (paperback)
|
| 035 |
|
|
|a (OCoLC)on1110485163
|
| 040 |
|
|
|a YDX
|e rda
|c YDX
|d BDX
|d CDX
|d CTX
|d CAM
|d TOH
|d UAB
|d PZS
|d UtOrBLW
|
| 043 |
|
|
|a a-kr---
|
| 049 |
|
|
|a TXAM
|
| 050 |
|
4 |
|a DS902
|b .S38 2020
|
| 082 |
0 |
|
|a 951.9
|2 23
|
| 100 |
1 |
|
|a Seth, Michael J.,
|d 1948-
|e author.
|0 http://id.loc.gov/authorities/names/n2002091599
|
| 245 |
1 |
0 |
|a Korea :
|b a very short introduction /
|c Michael J. Seth.
|
| 250 |
|
|
|a First edition.
|
| 264 |
|
1 |
|a Oxford ;
|a New York :
|b Oxford University Press,
|c [2020]
|
| 264 |
|
4 |
|c ©2020
|
| 300 |
|
|
|a 139 pages :
|b illustrations, maps ;
|c 18 cm.
|
| 336 |
|
|
|a text
|b txt
|2 rdacontent
|
| 336 |
|
|
|a cartographic image
|b cri
|2 rdacontent
|
| 336 |
|
|
|a still image
|b sti
|2 rdacontent
|
| 337 |
|
|
|a unmediated
|b n
|2 rdamedia
|
| 338 |
|
|
|a volume
|b nc
|2 rdacarrier
|
| 490 |
1 |
|
|a Very short introductions ;
|v 625
|
| 504 |
|
|
|a Includes bibliographical references (pages 129-132) and index.
|
| 505 |
0 |
|
|a Creating a peninsular kingdom -- A Confucian society -- From kingdom to colony -- From colony to competing states -- Competing states, diverging societies -- Globalizing south, inward north.
|
| 520 |
|
|
|a Having spent centuries in the shadows of its neighbors China and Japan, Korea is now the object of considerable interest for radically different reasons, the South as an economic success story and for its vibrant popular culture, the North as the home to one of the world's most repressive regimes, at once both bizarre and menacing. This book explores the history, culture and society of a deeply divided region. Michael Seth considers what it means to be Korean, and analyzes how the various peoples of the Korean peninsula became one of the world's most homogeneous nations, before exploring how this nation evolved, in a single lifetime, into today's sharply contrasting societies. He also discusses how Korea fits into the larger narrative of both east Asian and world history, economically, politically and socially.
|
| 651 |
|
0 |
|a Korea
|x History.
|0 http://id.loc.gov/authorities/subjects/sh85073026
|
| 651 |
|
0 |
|a Korea
|x Civilization.
|0 http://id.loc.gov/authorities/subjects/sh85073011
|
| 651 |
|
0 |
|a Korea
|x Social life and customs.
|0 http://id.loc.gov/authorities/subjects/sh92003077
|
| 650 |
|
7 |
|a HISTORY / Asia / Korea.
|2 bisacsh
|
| 830 |
|
0 |
|a Very short introductions ;
|v 625.
|0 http://id.loc.gov/authorities/names/n97112321
|
| 945 |
|
|
|b 718383
|
| 947 |
|
|
|a A14850711475
|
| 948 |
|
|
|a cataloged
|b h
|c 2021/1/27
|d c
|e dmitchel
|f 8:44:16 am
|
| 994 |
|
|
|a 92
|b TXA
|
| 999 |
f |
f |
|s af134f19-d163-3849-bfdb-291b729ca99b
|i 44f0feba-fd60-37bf-9d1e-f1f17d09eafc
|t 0
|
| 952 |
f |
f |
|p normal
|a Texas A&M University
|b College Station
|c Sterling C. Evans Library
|d Evans: Library Stacks
|t 0
|e DS902 .S38 2020
|h Library of Congress classification
|i unmediated -- volume
|m A14850711475
|
| 998 |
f |
f |
|a DS902 .S38 2020
|t 0
|l Evans: Library Stacks
|